|
|
|
|
| LEADER |
00000nam a2200000 a 4500 |
| 005 |
20140128180059.0 |
| 007 |
cr ||||||||||| |
| 008 |
140113s2013 sp sb 000 0 spa|c |
| 020 |
|
|
|a 9788490317051 (versi ̤paper)
|
| 035 |
|
|
|a 11734
|
| 040 |
|
|
|d vLex
|
| 090 |
|
|
|c 4674
|d 4674
|
| 100 |
1 |
|
|a Villacorta Mancebo, Luis
|
| 245 |
1 |
0 |
|a Nuevas dimensiones de proteccin̤ asumidas por los derechos fundamentales
|h [Recurso electrn̤ico] /
|c escrito por Luis-Quintn̕ Villacorta Mancebo, Antonio Villacorta Caǫ-Vega
|
| 256 |
|
|
|a Servicio en ln̕ea
|
| 260 |
|
|
|a Madrid :
|b Dykinson,
|c 2013
|
| 300 |
|
|
|a 1 recurso electrn̤ico (251 p.)
|
| 500 |
|
|
|a La bibliografa̕ sobre el nuevo entendimiento de los m̀bitos de proteccin̤ como uno de los actuales contenidos posibles de unos Derechos Fundamentales cada vez ms̀ multifuncionales en la realidad social, es an︢ escasa entre nosotros, aunque se admita genřicamente que tales derechos disfrutan de una amplia garanta̕ constitucional susceptible de adaptarse al tiempo, una posicin̤ no exenta tanto de alicientes como de riesgos.
|
| 504 |
|
|
|a Bibliografa̕
|
| 650 |
|
|
|a Derechos civiles
|z Espaą
|
| 650 |
|
|
|a Derecho constitucional
|z Espaą
|
| 700 |
1 |
|
|a Villacorta Caǫ-Vega, Antonio
|
| 740 |
0 |
|
|a vLex Libros (Servicio en ln̕ea)
|
| 856 |
4 |
0 |
|z Acceso restringido
|u http://vlex.com/source/nuevas-dimensiones-de-proteccion-asumidas-por-los-derechos-fundamentales-11734
|
| 942 |
|
|
|c BOOK
|
| 999 |
0 |
|
|a Civil rights
|